[Event "V Floripa Chess Open 2019"]
[Site "Florianopolis/SC"]
[Date "2019.01.25"]
[Round "7.142"]
[White "Sato, Leticia Miho"]
[Black "Barrientos, Ernesto"]
[Result "1-0"]
[WhiteElo "1613"]
[BlackElo "1925"]
[PlyCount "65"]
[EventDate "2019.01.21"]
[EventRounds "10"]
[EventCountry "BRA"]

1. d4 Nf6 2. Nf3 d5 3. Bf4 c5 4. e3 Nc6 5. c3 e6 6. Bd3 Nh5 7. Bg5 f6 8. Bh4 g6 9. Nbd2 Bd6 10. Qe2 O-O 11. O-O Qb6 12. Rab1 cxd4 13. cxd4 Nb4 14. a3 Nxd3 15. Qxd3 Bd7 16. Rfc1 g5 17. Bg3 Nxg3 18. hxg3 Bb5 19. Qb3 Qa5 20. g4 Rac8 21. e4 Bf4 22. Rxc8 Rxc8 23. exd5 Ba4 24. Qxb7 Rc7 25. Qa8+ Kg7 26. b4 Qb6 27. dxe6 Bc6 28. Qd8 Bxf3 29. e7 Bc6 30. Qf8+ Kg6 31. Qg8+ Kh6 32. Rb3 Bf3 33. Qf8+ 1-0

[Event "V Floripa Chess Open 2019"]
[Site "Florianopolis/SC"]
[Date "2019.01.25"]
[Round "7.143"]
[White "Kikuchi Cadilhac, Mariana Sawae"]
[Black "Moura, Paulo Jorge Alves B"]
[Result "1-0"]
[WhiteElo "1610"]
[BlackElo "1916"]
[PlyCount "73"]
[EventDate "2019.01.21"]
[EventRounds "10"]
[EventCountry "BRA"]

1. e4 e6 2. d4 d5 3. Nd2 dxe4 4. Nxe4 Nf6 5. Bd3 Be7 6. Nf3 h6 7. O-O O-O 8. Bd2 Nc6 9. c3 b6 10. Qe2 Nd5 11. Ne5 Bb7 12. Nxc6 Bxc6 13. Ng3 Bg5 14. f4 Bh4 15. Qe4 g6 16. Ne2 Qd7 17. f5 Bg5 18. fxg6 f5 19. Qe5 Bxd2 20. Ng3 Ne3 21. g7 Rf7 22. Nh5 Qd5 23. Qxd5 Bxd5 24. Rf2 Nc4 25. Bxc4 Be3 26. Bxd5 exd5 27. Re1 Re8 28. Kf1 Re4 29. Rf3 Bd2 30. Re2 Bc1 31. b3 c5 32. dxc5 bxc5 33. Rd3 d4 34. cxd4 cxd4 35. Rxd4 Bg5 36. Rc4 Rfe7 37. Rc8+ 1-0

[Event "V Floripa Chess Open 2019"]
[Site "Florianopolis/SC"]
[Date "2019.01.25"]
[Round "7.144"]
[White "Pereira Fo, Hildebrando Apoloni"]
[Black "Vieira, Rodrigo Chagas"]
[Result "0-1"]
[WhiteElo "1595"]
[BlackElo "1892"]
[PlyCount "70"]
[EventDate "2019.01.21"]
[EventRounds "10"]
[EventCountry "BRA"]

1. c4 Nf6 2. Nf3 g6 3. b3 Bg7 4. Bb2 O-O 5. e3 d6 6. Be2 Nc6 7. Nc3 e5 8. d3 Bg4 9. O-O a6 10. a3 Ne7 11. Qc2 Ne8 12. d4 exd4 13. Nxd4 Bxe2 14. Ncxe2 Qd7 15. Rad1 f5 16. Nf4 Rf7 17. Nf3 Nf6 18. Ne5 Qe8 19. Nxf7 Qxf7 20. Bxf6 Bxf6 21. Nd5 Nc6 22. c5 Re8 23. cxd6 cxd6 24. Qc4 Kg7 25. Qc2 Re4 26. Nc3 Rh4 27. g3 Rh3 28. Kg2 Rh5 29. Rxd6 Be7 30. Rd7 Qe6 31. Qd2 f4 32. h4 f3+ 33. Kh2 Kg8 34. Rh1 Qg4 35. Rxe7 Rxh4+ 0-1

[Event "V Floripa Chess Open 2019"]
[Site "Florianopolis/SC"]
[Date "2019.01.25"]
[Round "7.146"]
[White "Boabaid, Jorge Alberto Duard"]
[Black "Ramirez Brizuela, Juan Bartolome"]
[Result "1-0"]
[WhiteElo "1868"]
[BlackElo "1582"]
[PlyCount "39"]
[EventDate "2019.01.21"]
[EventRounds "10"]
[EventCountry "BRA"]

1. d4 Nf6 2. c4 g6 3. Nc3 Bg7 4. e4 d6 5. Nf3 h6 6. Be2 O-O 7. O-O Bg4 8. h3 Bxf3 9. Bxf3 c6 10. Bf4 Nbd7 11. Qd2 Kh7 12. e5 dxe5 13. dxe5 Ne8 14. Rad1 Nxe5 15. Qxd8 Rxd8 16. Rxd8 Nxc4 17. b3 Ncd6 18. Rc1 e5 19. Be3 b6 20. Bxc6 1-0

[Event "V Floripa Chess Open 2019"]
[Site "Florianopolis/SC"]
[Date "2019.01.25"]
[Round "7.147"]
[White "Felix, Raimundo Nascimento"]
[Black "Germano, Paulo Roberto"]
[Result "1-0"]
[WhiteElo "1859"]
[BlackElo "1566"]
[PlyCount "83"]
[EventDate "2019.01.21"]
[EventRounds "10"]
[EventCountry "BRA"]

1. e4 f5 2. exf5 Nf6 3. d4 d5 4. Bd3 e6 5. Qe2 Bd6 6. fxe6 O-O 7. Nf3 Re8 8. O-O Bxe6 9. Qd1 Nbd7 10. Bg5 c6 11. Bh4 Qc7 12. Nbd2 Bg4 13. Bg3 Ne4 14. Bxd6 Qxd6 15. h3 Bh5 16. Be2 Ndf6 17. Ne5 Bxe2 18. Qxe2 Nxd2 19. Qxd2 Ne4 20. Qd3 Rf8 21. Rae1 Rae8 22. c3 Re6 23. Re3 Ref6 24. Rf3 Rxf3 25. Nxf3 Qf4 26. Qe2 Rf6 27. Re1 h6 28. Qe3 Qf5 29. Re2 Kh7 30. Qd3 g5 31. Nd2 Kg7 32. Nxe4 dxe4 33. Qxe4 Qb5 34. Qe7+ Rf7 35. Qe5+ Qxe5 36. Rxe5 Kf6 37. Kf1 Rd7 38. Ke2 Rd5 39. Rxd5 cxd5 40. Kd3 Ke6 41. c4 b6 42. b4 1-0

[Event "V Floripa Chess Open 2019"]
[Site "Florianopolis/SC"]
[Date "2019.01.25"]
[Round "7.148"]
[White "Campagnolo, Fabiola"]
[Black "Albiero, Marco Antonio Batis"]
[Result "1-0"]
[WhiteElo "1797"]
[BlackElo "1565"]
[PlyCount "107"]
[EventDate "2019.01.21"]
[EventRounds "10"]
[EventCountry "BRA"]

1. e4 e5 2. Nf3 Nc6 3. d4 exd4 4. Nxd4 Bc5 5. Be3 Qf6 6. c3 Nge7 7. Be2 O-O 8. O-O Bb6 9. f4 Nxd4 10. cxd4 d5 11. e5 Qg6 12. Kh1 Nf5 13. Bf2 Qh6 14. g4 Bxd4 15. Bxd4 Ng3+ 16. Kg2 Nxf1 17. Qxf1 b6 18. b4 Bb7 19. b5 Rac8 20. g5 Qg6 21. Bd3 Qh5 22. Bf5 c5 23. Bxc8 Rxc8 24. Bf2 d4+ 25. Kg1 Qf3 26. Bg3 Qh1+ 27. Kf2 Qf3+ 28. Ke1 Qe3+ 29. Qe2 Qc1+ 30. Kf2 d3 31. Qd2 Qc4 32. Nc3 Qd4+ 33. Kf1 Bf3 34. Bf2 Qd7 35. Qe3 Qg4 36. Ke1 Rd8 37. Kd2 Rd4 38. Rg1 Bg2 39. Qg3 Qe6 40. Qxg2 Rd8 41. Qe4 g6 42. Rg3 c4 43. Qe1 Qe7 44. Qb1 Qa3 45. Rf3 Re8 46. Qc1 Qb4 47. Bd4 Rd8 48. Ke3 Qe7 49. Ne4 Qb4 50. Nd6 Rd7 51. Rf1 Rc7 52. Qc3 Qa4 53. a3 a6 54. Bxb6 1-0

[Event "V Floripa Chess Open 2019"]
[Site "Florianopolis/SC"]
[Date "2019.01.25"]
[Round "7.149"]
[White "Gomes, Carlos"]
[Black "Gomes, Carlos Henrique Cal"]
[Result "1/2-1/2"]
[WhiteElo "1562"]
[BlackElo "1783"]
[PlyCount "79"]
[EventDate "2019.01.21"]
[EventRounds "10"]
[EventCountry "BRA"]

1. e4 c6 2. d3 d5 3. Nd2 e5 4. Ngf3 Bg4 5. Be2 Nd7 6. c3 Ngf6 7. Qc2 Qb6 8. O-O dxe4 9. dxe4 Be7 10. Nc4 Qc7 11. Be3 O-O 12. Rfd1 Rfd8 13. Ncd2 Nc5 14. b4 Ne6 15. Nf1 c5 16. b5 Nf4 17. Bxf4 exf4 18. c4 Bxf3 19. gxf3 Qe5 20. Rxd8+ Rxd8 21. Rd1 Rxd1 22. Bxd1 Qg5+ 23. Kh1 Qh4 24. Qe2 Nd7 25. Nd2 Ne5 26. Qf1 Bf6 27. Be2 g5 28. h3 h5 29. Qg2 Kf8 30. Kg1 Nd7 31. Nb3 b6 32. a4 Bd4 33. Kf1 Ne5 34. Kg1 Ke7 35. Nd2 Bc3 36. Nf1 Ke6 37. Nh2 Bd4 38. Kf1 Bc3 39. Kg1 f6 40. Kf1 1/2-1/2

[Event "V Floripa Chess Open 2019"]
[Site "Florianopolis/SC"]
[Date "2019.01.25"]
[Round "7.150"]
[White "Marques Junior, Marcos Antonio"]
[Black "Sarda, Pedro Sada"]
[Result "1-0"]
[WhiteElo "1773"]
[BlackElo "1539"]
[PlyCount "69"]
[EventDate "2019.01.21"]
[EventRounds "10"]
[EventCountry "BRA"]

1. e4 c5 2. Nf3 d6 3. d4 cxd4 4. Nxd4 Nf6 5. Nc3 g6 6. Be3 Bg7 7. f3 Nc6 8. Qd2 O-O 9. Bc4 Bd7 10. O-O-O b5 11. Ndxb5 Ne5 12. Bb3 a6 13. Nd4 Qc7 14. h4 Rfc8 15. h5 Nc4 16. Bxc4 Qxc4 17. hxg6 fxg6 18. Kb1 Rab8 19. Nde2 Qb4 20. b3 Qa3 21. g4 a5 22. Bd4 a4 23. g5 axb3 24. cxb3 Ne8 25. Bxg7 Nxg7 26. Nf4 Ba4 27. Nxa4 Qxa4 28. Qd5+ e6 29. Nxe6 Rb5 30. Nc5+ Kh8 31. Nxa4 Rxd5 32. Rxd5 Ne6 33. Rxd6 Nxg5 34. Rxg6 Nxf3 35. Rd6 1-0

[Event "V Floripa Chess Open 2019"]
[Site "Florianopolis/SC"]
[Date "2019.01.25"]
[Round "7.151"]
[White "Rodrigues, Natanael Isau"]
[Black "De Sousa, Daniel Paiva"]
[Result "1-0"]
[WhiteElo "1759"]
[BlackElo "1539"]
[PlyCount "91"]
[EventDate "2019.01.21"]
[EventRounds "10"]
[EventCountry "BRA"]

1. e4 c5 2. Nc3 Nc6 3. Bb5 Nd4 4. Nf3 a6 5. Bd3 Nc6 6. b3 b6 7. Bb2 Bb7 8. a3 e6 9. O-O Nd4 10. Nxd4 cxd4 11. Ne2 e5 12. f4 Bd6 13. fxe5 Bxe5 14. Bxd4 Qc7 15. Bxe5 Qxe5 16. Rf5 Qd6 17. Qf1 Nh6 18. Rg5 g6 19. Qf4 Qxf4 20. Nxf4 O-O 21. Rg3 b5 22. h3 Rfe8 23. Re3 f6 24. Rae1 Nf7 25. Bf1 Rac8 26. c4 Bc6 27. d4 Nd6 28. d5 Bb7 29. cxb5 Nxb5 30. Bxb5 axb5 31. e5 g5 32. Nh5 Kf7 33. Rf1 Bxd5 34. Rxf6+ Ke7 35. Ng7 Rc1+ 36. Kh2 Rc2 37. Rg3 Rec8 38. Rxg5 Re2 39. Nf5+ Kd8 40. Rf8+ Kc7 41. Rxc8+ Kxc8 42. Ne7+ Kb7 43. Nxd5 Rd2 44. Nc3 Rd3 45. Rg3 Rd2 46. Nxb5 1-0

[Event "V Floripa Chess Open 2019"]
[Site "Florianopolis/SC"]
[Date "2019.01.25"]
[Round "7.152"]
[White "Faria, Juliano Espezim Soa"]
[Black "Lima, Aine Carolina"]
[Result "1-0"]
[WhiteElo "1723"]
[BlackElo "1502"]
[PlyCount "37"]
[EventDate "2019.01.21"]
[EventRounds "10"]
[EventCountry "BRA"]

1. d4 d5 2. c4 c6 3. Nf3 e6 4. Nc3 f5 5. Bg5 Nf6 6. e3 Bd6 7. Bd3 O-O 8. O-O Nbd7 9. Qc2 Qe8 10. cxd5 Nxd5 11. Nxd5 cxd5 12. Bf4 Bxf4 13. exf4 Qg6 14. g3 Qh5 15. Be2 Rf6 16. Rfe1 Rh6 17. Rac1 Nf8 18. Qc7 Nd7 19. Qd8+ 1-0

[Event "V Floripa Chess Open 2019"]
[Site "Florianopolis/SC"]
[Date "2019.01.25"]
[Round "7.153"]
[White "Queiroz Da Costa, Alan Patrick"]
[Black "Tramontini, Renan Cesar"]
[Result "0-1"]
[WhiteElo "1474"]
[BlackElo "1721"]
[PlyCount "36"]
[EventDate "2019.01.21"]
[EventRounds "10"]
[EventCountry "BRA"]

1. c4 e5 2. e4 Bc5 3. d3 Nc6 4. g3 Qf6 5. Qf3 Nd4 6. Qxf6 Nxf6 7. Kd2 c6 8. h3 d5 9. cxd5 cxd5 10. exd5 Nxd5 11. Nc3 Bb4 12. Bg2 Be6 13. Nge2 Rc8 14. Bxd5 Bxd5 15. Rd1 Bf3 16. Re1 Bxe2 17. Rxe2 Nxe2 18. Kxe2 Bxc3 0-1

[Event "V Floripa Chess Open 2019"]
[Site "Florianopolis/SC"]
[Date "2019.01.25"]
[Round "7.154"]
[White "Machado, Luiz Fernando"]
[Black "Brandt, Ladir Albano Becker"]
[Result "1/2-1/2"]
[WhiteElo "1446"]
[BlackElo "1710"]
[PlyCount "42"]
[EventDate "2019.01.21"]
[EventRounds "10"]
[EventCountry "BRA"]

1. e4 d6 2. d4 Nf6 3. Nc3 e5 4. dxe5 dxe5 5. Qxd8+ Kxd8 6. Bg5 c6 7. O-O-O+ Kc7 8. Bc4 Be6 9. Bxe6 fxe6 10. Nge2 Nbd7 11. Rd2 Bc5 12. Ng3 h6 13. Bxf6 Nxf6 14. Kb1 Rad8 15. Rhd1 Rd4 16. f3 Rhd8 17. Rd3 b5 18. Nge2 Rxd3 19. Rxd3 a5 20. Rxd8 Kxd8 21. b3 Kc7 1/2-1/2

[Event "V Floripa Chess Open 2019"]
[Site "Florianopolis/SC"]
[Date "2019.01.25"]
[Round "7.156"]
[White "Bonfim, Regina Rodrigues"]
[Black "Caribe Santos, Luiz Carlos"]
[Result "1/2-1/2"]
[WhiteElo "1708"]
[BlackElo "1471"]
[PlyCount "88"]
[EventDate "2019.01.21"]
[EventRounds "10"]
[EventCountry "BRA"]

1. d4 d5 2. Bf4 Nf6 3. e3 Bf5 4. c3 e6 5. Nd2 Bd6 6. Bg3 a6 7. Ngf3 b5 8. Ne5 c5 9. Be2 c4 10. O-O O-O 11. Bh4 Be7 12. f4 Nfd7 13. Bxe7 Qxe7 14. g4 Be4 15. Nxe4 Nxe5 16. Ng5 Ned7 17. Rf2 h6 18. Nf3 Nc6 19. Rg2 b4 20. h4 bxc3 21. bxc3 Qa3 22. Qc1 Qxc1+ 23. Rxc1 Rab8 24. Bd1 Rb6 25. Ba4 Rfb8 26. Kh2 Nf8 27. h5 Ne7 28. Bc2 Rb2 29. Nh4 Kh8 30. a4 Ra2 31. Nf3 Nc6 32. g5 hxg5 33. Nxg5 Rb7 34. Nf3 f5 35. Rcg1 Nh7 36. Ne5 Nxe5 37. fxe5 Rbb2 38. Bd1 Rxg2+ 39. Rxg2 Rxg2+ 40. Kxg2 Ng5 41. Bc2 Kh7 42. Kg3 Kh6 43. Kh4 Nf3+ 44. Kg3 Ng5 1/2-1/2

[Event "V Floripa Chess Open 2019"]
[Site "Florianopolis/SC"]
[Date "2019.01.25"]
[Round "7.157"]
[White "Mendes, Ana Beatriz Dias Gu"]
[Black "Maba, Mateus Dos Passos"]
[Result "0-1"]
[WhiteElo "1233"]
[BlackElo "1705"]
[PlyCount "46"]
[EventDate "2019.01.21"]
[EventRounds "10"]
[EventCountry "BRA"]

1. e4 Nc6 2. Nf3 d5 3. exd5 Qxd5 4. d4 Bg4 5. Nc3 Qh5 6. Be2 O-O-O 7. Be3 e5 8. d5 Nf6 9. Ng5 Nd4 10. f3 Qg6 11. Bxd4 exd4 12. Qxd4 Qxg5 13. h4 Qf4 14. Bd3 Re8+ 15. Kf2 Qe5 16. Qxa7 Bd6 17. Qa8+ Kd7 18. Bb5+ c6 19. Qxb7+ Kd8 20. Qa8+ Ke7 21. Qb7+ Kf8 22. dxc6 Qe3+ 23. Kf1 Bg3 0-1

[Event "V Floripa Chess Open 2019"]
[Site "Florianopolis/SC"]
[Date "2019.01.25"]
[Round "7.158"]
[White "Lopes, Leonardo Borges"]
[Black "Masselli, Eduardo"]
[Result "0-1"]
[WhiteElo "1327"]
[BlackElo "1700"]
[PlyCount "74"]
[EventDate "2019.01.21"]
[EventRounds "10"]
[EventCountry "BRA"]

1. d4 d5 2. c4 e6 3. Nc3 Nf6 4. Bf4 Bd6 5. Bg3 O-O 6. e3 c5 7. cxd5 exd5 8. Bxd6 Qxd6 9. dxc5 Qxc5 10. Nf3 Nc6 11. a3 Be6 12. Rc1 Qa5 13. Nd4 Rac8 14. Be2 Nxd4 15. Qxd4 Ne4 16. O-O Nxc3 17. Rxc3 Rxc3 18. Qxc3 Qxc3 19. bxc3 Rc8 20. Rc1 Kf8 21. g4 Rc5 22. h3 Ra5 23. Ra1 h5 24. f4 b6 25. Kf2 Ke7 26. f5 Bd7 27. c4 hxg4 28. hxg4 dxc4 29. Bxc4 Ra4 30. Be2 g6 31. fxg6 fxg6 32. Kg3 g5 33. Ra2 Be6 34. Ra1 Re4 35. Bf3 Rxe3 36. Kf2 Rc3 37. Re1 Kf6 0-1

[Event "V Floripa Chess Open 2019"]
[Site "Florianopolis/SC"]
[Date "2019.01.25"]
[Round "7.159"]
[White "Maciel, Felipe Eduardo Ribe"]
[Black "Aguiar, Arthur Vinicius De "]
[Result "1-0"]
[WhiteElo "1688"]
[BlackElo "1377"]
[PlyCount "90"]
[EventDate "2019.01.21"]
[EventRounds "10"]
[EventCountry "BRA"]

1. e4 c5 2. Nf3 d6 3. d4 cxd4 4. Nxd4 Nf6 5. Nc3 g6 6. Be3 Bg7 7. f3 O-O 8. Qd2 Nc6 9. Bc4 Na5 10. Bb3 a6 11. O-O-O b5 12. Bh6 Bd7 13. Bxg7 Kxg7 14. Kb1 Nxb3 15. cxb3 b4 16. Nce2 a5 17. h4 Qb6 18. h5 a4 19. hxg6 fxg6 20. bxa4 Rxa4 21. b3 Ra5 22. g4 Rfa8 23. Nc1 Qc5 24. Rh2 Rh8 25. Nc2 Rb5 26. Nd3 Qc3 27. Ncxb4 Qxd2 28. Rdxd2 Rc8 29. Rc2 Rxc2 30. Nxc2 h5 31. gxh5 Nxh5 32. Kb2 Be8 33. b4 Bf7 34. a4 Rb8 35. Ka3 d5 36. e5 e6 37. Nd4 Ng3 38. Nc5 Rb6 39. a5 Rb8 40. Ncxe6+ Bxe6 41. Nxe6+ Kf7 42. Nc5 Rd8 43. a6 Ne2 44. Kb3 d4 45. Kc4 Ke7 1-0

[Event "V Floripa Chess Open 2019"]
[Site "Florianopolis/SC"]
[Date "2019.01.25"]
[Round "7.160"]
[White "Ferraz, Joao Vitor Koenig"]
[Black "Gomes, Marco Tulio Caldeir"]
[Result "0-1"]
[WhiteElo "1711"]
[BlackElo "1678"]
[PlyCount "86"]
[EventDate "2019.01.21"]
[EventRounds "10"]
[EventCountry "BRA"]

1. d4 Nf6 2. c4 e6 3. Nc3 Bb4 4. Qc2 O-O 5. Nf3 b6 6. e3 Bb7 7. Be2 d5 8. a3 Bxc3+ 9. Qxc3 Nbd7 10. b4 c5 11. Bb2 Ne4 12. Qc2 Rc8 13. cxd5 exd5 14. Qd3 c4 15. Qc2 b5 16. Bc3 Nb6 17. Nd2 f5 18. Nxe4 fxe4 19. O-O Qg5 20. Qd2 Rc6 21. f3 Rg6 22. Rf2 Qh4 23. Raf1 Rh6 24. g3 Qg5 25. fxe4 Rxf2 26. Rxf2 dxe4 27. Bd1 Nd5 28. Bc2 Qxe3 29. Qxe3 Nxe3 30. Re2 Nxc2 31. Rxc2 Rf6 32. Rf2 Rf3 33. Bb2 Kf7 34. Rxf3+ exf3 35. Kf2 Ke6 36. Bc3 Kf5 37. Ke3 Kg4 38. Kf2 g5 39. Bd2 h6 40. Kg1 Kf5 41. Kf2 Ke4 42. Bc3 Kd3 43. Ba1 c3 0-1

[Event "V Floripa Chess Open 2019"]
[Site "Florianopolis/SC"]
[Date "2019.01.25"]
[Round "7.161"]
[White "Da Rosa, Henrique Jaze Simoe"]
[Black "Moretto, Heitor Frainer"]
[Result "1-0"]
[WhiteElo "1675"]
[BlackElo "1426"]
[PlyCount "83"]
[EventDate "2019.01.21"]
[EventRounds "10"]
[EventCountry "BRA"]

1. Nf3 Nf6 2. c4 g6 3. g3 Bg7 4. Bg2 O-O 5. O-O d6 6. d4 Re8 7. Nc3 Nbd7 8. Re1 c6 9. e4 e5 10. b3 exd4 11. Nxd4 a5 12. a3 Qb6 13. Na4 Qa7 14. Bb2 Nb6 15. Nxb6 Qxb6 16. Qd2 Nd7 17. Bc3 Nc5 18. Rab1 Ne6 19. Nxe6 Rxe6 20. Bh3 Bxc3 21. Qxc3 Re5 22. Bxc8 Rxc8 23. Rbd1 Rd8 24. Kg2 c5 25. f4 Re7 26. e5 dxe5 27. Rxd8+ Qxd8 28. Rxe5 Rxe5 29. fxe5 b6 30. Qe3 Qe7 31. Kf3 Qe6 32. Qe4 Kf8 33. g4 f6 34. exf6 Qxf6+ 35. Qf4 Ke7 36. Qxf6+ Kxf6 37. Kf4 g5+ 38. Ke4 Ke6 39. h3 h6 40. a4 Kd6 41. Kf5 Ke7 42. Kg6 1-0

[Event "V Floripa Chess Open 2019"]
[Site "Florianopolis/SC"]
[Date "2019.01.25"]
[Round "7.163"]
[White "Nasario, Rafael"]
[Black "Brandao, Murilo Tavares"]
[Result "0-1"]
[WhiteElo "1652"]
[BlackElo "1341"]
[PlyCount "98"]
[EventDate "2019.01.21"]
[EventRounds "10"]
[EventCountry "BRA"]

1. d4 Nf6 2. Nf3 g6 3. Bf4 Bg7 4. e3 O-O 5. Be2 d6 6. h3 c5 7. c3 Qb6 8. Qc1 Nc6 9. O-O Bf5 10. Nbd2 cxd4 11. exd4 Rac8 12. Nc4 Qd8 13. Bh6 Re8 14. Bxg7 Kxg7 15. Re1 a6 16. a4 Na5 17. Ncd2 Ne4 18. Nxe4 Bxe4 19. Qf4 Bxf3 20. Bxf3 e6 21. h4 h5 22. Qg3 Kh7 23. Qh3 d5 24. g4 hxg4 25. Qxg4 Qf6 26. Be2 Kg7 27. h5 Rh8 28. hxg6 Qxg6 29. Qxg6+ Kxg6 30. Kg2 Rcg8 31. Rg1 Kf6+ 32. Kf1 Rg5 33. Ra3 Rf5 34. b4 Nc4 35. Bxc4 dxc4 36. Ra2 Rf3 37. Rg3 Rh3 38. Rxh3 Rxh3 39. Rc2 Kf5 40. Kg2 Rd3 41. a5 Kf4 42. Rc1 e5 43. dxe5 Kxe5 44. Re1+ Kd6 45. Re3 Rxe3 46. fxe3 Ke5 47. Kf3 f5 48. Ke2 Ke4 49. Kf2 Kd3 0-1

[Event "V Floripa Chess Open 2019"]
[Site "Florianopolis/SC"]
[Date "2019.01.25"]
[Round "7.164"]
[White "Neitzel, Jonatan"]
[Black "Dummer, Micael Schwenske"]
[Result "0-1"]
[WhiteElo "1639"]
[BlackElo "1800"]
[PlyCount "46"]
[EventDate "2019.01.21"]
[EventRounds "10"]
[EventCountry "BRA"]

1. d4 e5 2. dxe5 Nc6 3. Nf3 Qe7 4. g3 Nxe5 5. Bg2 Nf6 6. b3 g6 7. Nbd2 Nxf3+ 8. Nxf3 Bg7 9. Bb2 O-O 10. O-O c6 11. c4 d5 12. Qc1 dxc4 13. Ba3 c5 14. Qxc4 b6 15. e3 Be6 16. Qe2 Rfd8 17. Rad1 Rxd1 18. Rxd1 Rd8 19. Kf1 Ne4 20. Rxd8+ Qxd8 21. Qc2 Bf5 22. Qc1 Nc3 23. Bb2 Qd3+ 0-1

[Event "V Floripa Chess Open 2019"]
[Site "Florianopolis/SC"]
[Date "2019.01.25"]
[Round "7.166"]
[White "Melo, Danieli De"]
[Black "Vidal, Yuri Vinicius Sevul"]
[Result "1-0"]
[WhiteElo "1638"]
[BlackElo "1800"]
[PlyCount "49"]
[EventDate "2019.01.21"]
[EventRounds "10"]
[EventCountry "BRA"]

1. d4 e6 2. c4 d5 3. Nc3 Nf6 4. Bg5 Be7 5. Nf3 Nc6 6. e3 O-O 7. a3 dxc4 8. Bxc4 Nd5 9. Bxe7 Ncxe7 10. Qc2 Ng6 11. O-O b6 12. Nxd5 exd5 13. Bd3 f5 14. Rac1 Rf7 15. Rfd1 Be6 16. Qc6 Nf8 17. Ng5 Rf6 18. Qxc7 Qxc7 19. Rxc7 h6 20. Nf3 Ng6 21. Rdc1 f4 22. Bxg6 Rxg6 23. exf4 Bh3 24. g3 Bg4 25. Ne5 1-0

[Event "V Floripa Chess Open 2019"]
[Site "Florianopolis/SC"]
[Date "2019.01.25"]
[Round "7.169"]
[White "Moretto, Leticia Soares"]
[Black "Mendes, Rodrigo Machado"]
[Result "0-1"]
[WhiteElo "1384"]
[BlackElo "1956"]
[PlyCount "68"]
[EventDate "2019.01.21"]
[EventRounds "10"]
[EventCountry "BRA"]

1. d4 Nf6 2. c4 e6 3. Nc3 Bb4 4. e3 O-O 5. Nf3 b6 6. Be2 Bb7 7. O-O c5 8. Bd2 d6 9. a3 Bxc3 10. Bxc3 Ne4 11. Qc2 Nd7 12. Rfd1 Qe7 13. Rac1 Rac8 14. Qd3 Rfd8 15. Qb1 Ndf6 16. dxc5 bxc5 17. b3 Rb8 18. Qc2 Bc6 19. Rb1 d5 20. Ne5 Ba8 21. b4 Nxc3 22. Qxc3 Ne4 23. Qc2 cxb4 24. axb4 Rxb4 25. cxd5 Rxb1 26. Rxb1 Bxd5 27. Bd3 Nf6 28. Bc4 Qc7 29. f4 Be4 30. Nd3 Nd5 31. Kf2 Rc8 32. Rc1 Nb4 33. Qa4 Bxd3 34. Bxd3 Nxd3+ 0-1

[Event "V Floripa Chess Open 2019"]
[Site "Florianopolis/SC"]
[Date "2019.01.25"]
[Round "7.170"]
[White "Reinaldo Dos Santos, Julio"]
[Black "Da Silva, Marcos Henrique"]
[Result "1-0"]
[WhiteElo "1922"]
[BlackElo "1448"]
[PlyCount "49"]
[EventDate "2019.01.21"]
[EventRounds "10"]
[EventCountry "BRA"]

1. d4 Nf6 2. c4 e6 3. Nf3 c5 4. d5 d6 5. Nc3 a6 6. e4 Be7 7. Bd3 O-O 8. O-O Re8 9. h3 Bd7 10. a4 exd5 11. exd5 Bf8 12. Bg5 g6 13. Ne4 Be7 14. Bxf6 Bxf6 15. Nxd6 Re7 16. Ne4 Bxb2 17. Rb1 Ba3 18. Qd2 Bf5 19. Nf6+ Kg7 20. Bxf5 Kxf6 21. Qc3+ Kxf5 22. g4+ Kf4 23. Qf6+ Ke4 24. Rbd1 Bb4 25. Ng5# 1-0

[Event "V Floripa Chess Open 2019"]
[Site "Florianopolis/SC"]
[Date "2019.01.25"]
[Round "7.171"]
[White "Hubner, Jessica Trindade"]
[Black "Dutra, Liliam Guedes"]
[Result "1/2-1/2"]
[WhiteElo "1899"]
[BlackElo "1443"]
[PlyCount "106"]
[EventDate "2019.01.21"]
[EventRounds "10"]
[EventCountry "BRA"]

1. e4 c5 2. Nf3 e6 3. d4 cxd4 4. Nxd4 d6 5. Be3 Nc6 6. Bb5 Bd7 7. O-O Nf6 8. Nc3 Be7 9. f4 O-O 10. Be2 a6 11. Bf3 Rc8 12. Nde2 b5 13. a3 e5 14. f5 Re8 15. Qe1 Na5 16. b3 Nc6 17. Qg3 Bf8 18. Bg5 Qb6+ 19. Kh1 Be7 20. Bxf6 Bxf6 21. Nd5 Qd8 22. c3 Bh4 23. Qh3 Bg5 24. Bg4 f6 25. Bh5 Rf8 26. Bg4 Ne7 27. Qd3 Bc6 28. Ne3 d5 29. exd5 Nxd5 30. Nxd5 Bxd5 31. Qc2 Qc7 32. Bf3 Qb7 33. Rad1 Bxf3 34. Rxf3 Qc7 35. Qe4 Rfd8 36. Rfd3 Rxd3 37. Qxd3 Qc6 38. Qd5+ Qxd5 39. Rxd5 Rc6 40. g3 g6 41. h4 Bh6 42. fxg6 hxg6 43. Kg2 g5 44. hxg5 Bxg5 45. Kf3 Kh7 46. g4 Kg6 47. Ke4 Bh4 48. Rd2 Bf2 49. Rd3 Kg5 50. Kf3 Be1 51. Ng3 Bxg3 52. Kxg3 Rc5 53. Kf3 a5 1/2-1/2

[Event "V Floripa Chess Open 2019"]
[Site "Florianopolis/SC"]
[Date "2019.01.25"]
[Round "7.172"]
[White "Benevenga, Antonio"]
[Black "Sato, Luiz Henrique Yuzo "]
[Result "0-1"]
[WhiteElo "1692"]
[BlackElo "1425"]
[PlyCount "50"]
[EventDate "2019.01.21"]
[EventRounds "10"]
[EventCountry "BRA"]

1. b3 d5 2. Bb2 Nf6 3. e3 Bf5 4. c4 e6 5. Nf3 h6 6. Be2 Bd6 7. O-O Nbd7 8. cxd5 exd5 9. Nc3 c6 10. d3 O-O 11. Qd2 Re8 12. Rad1 Qe7 13. e4 Bh7 14. Rfe1 Rad8 15. Bf1 Ne5 16. Nxe5 Bxe5 17. Qc1 dxe4 18. Ba3 Qc7 19. dxe4 Rxd1 20. Rxd1 Bxh2+ 21. Kh1 Bxe4 22. f3 Bd5 23. Re1 Rxe1 24. Qxe1 Qe5 25. Qh4 Bg3 0-1

[Event "V Floripa Chess Open 2019"]
[Site "Florianopolis/SC"]
[Date "2019.01.25"]
[Round "7.173"]
[White "Kojima, Rodrigo Yosuke"]
[Black "Pereira, Cristiano Alves"]
[Result "1-0"]
[WhiteElo "1412"]
[BlackElo "1687"]
[PlyCount "59"]
[EventDate "2019.01.21"]
[EventRounds "10"]
[EventCountry "BRA"]

1. d4 f5 2. Nf3 e6 3. Bf4 Nf6 4. e3 b6 5. Bd3 Bb7 6. h3 Be7 7. O-O O-O 8. c3 Ne4 9. Nfd2 Bg5 10. Bh2 Rf6 11. Nxe4 fxe4 12. Be2 d5 13. Kh1 Nd7 14. Nd2 c6 15. Bg3 Qe7 16. Re1 Raf8 17. f4 exf3 18. Nxf3 Rh6 19. Nxg5 Qxg5 20. Bf4 Rxf4 21. exf4 Qxf4 22. Bg4 Nf6 23. Bxe6+ Kf8 24. Qf3 Qd6 25. Bf5 Ng8 26. Qe3 Qd8 27. Re2 Rf6 28. Bxh7 Nh6 29. Rae1 g6 30. Qxh6+ 1-0

[Event "V Floripa Chess Open 2019"]
[Site "Florianopolis/SC"]
[Date "2019.01.25"]
[Round "7.174"]
[White "Tasoko, Toshinobu"]
[Black "Da Silva, Hermes Ludovino"]
[Result "1-0"]
[WhiteElo "1668"]
[BlackElo "1407"]
[PlyCount "43"]
[EventDate "2019.01.21"]
[EventRounds "10"]
[EventCountry "BRA"]

1. e4 c5 2. Nf3 g6 3. Nc3 Bg7 4. d4 cxd4 5. Nxd4 Nc6 6. Be3 d6 7. Qd2 Nf6 8. f3 a6 9. O-O-O e5 10. Nb3 O-O 11. Qxd6 Qxd6 12. Rxd6 Ne8 13. Rd1 Nc7 14. g4 Ne6 15. h4 Nf4 16. Nd5 Nxd5 17. exd5 Na7 18. h5 f6 19. hxg6 hxg6 20. Nc5 f5 21. d6 f4 22. Bc4+ 1-0